000 00680nam a2200241Ia 4500
003 OSt
005 20220925203621.0
006 a|||||r|||| 00| 0
007 ta
008 220923b |||||||| |||| 00| 0 eng d
020 _a01408 06229
037 _cGeneral Book
040 _aRTL
_cRTL
_beng
041 _2eng
_aeng
082 _aX:3M24, L2/SC
100 _aNOVE Alec Ed.
_9129445
245 0 _aSociolist economics
_b Selected readings.
260 _aEngland
_bPenguin books
_c1972
300 _a526p.
_ccm.
700 _a NUTI D M Ed.
_9266638
942 _hX:3M24, L2/SC
_cGB
_2CC
999 _c547195
_d547195